[Event "Amsterdam Chess Tournament 2005"]
[Site "Amsterdam NED"]
[Date "2005.07.17"]
[Round "2.45"]
[White "Giddins, Stephen"]
[Black "Schmitz, Henk"]
[Result "1/2-1/2"]
[WhiteElo "2204"]
[BlackElo "2306"]
[PlyCount "21"]
[EventDate "2005.07.16"]
[EventType "tourn"]
[EventRounds "9"]
[EventCountry "NED"]
[Source "lmi"]
[SourceDate "2005.07.25"]

1. Nf3 g6 2. c4 Bg7 3. Nc3 d6 4. d4 c6 5. e4 Na6 6. Be2 Nc7 7. O-O Nh6 8. h3
O-O 9. Be3 f5 10. Qd2 Nf7 11. exf5 1/2-1/2

[Event "Amsterdam Chess Tournament 2005"]
[Site "Amsterdam NED"]
[Date "2005.07.17"]
[Round "2.46"]
[White "Baquero, Luis A"]
[Black "Odink, Karel"]
[Result "1-0"]
[WhiteElo "2301"]
[BlackElo "2198"]
[PlyCount "141"]
[EventDate "2005.07.16"]
[EventType "tourn"]
[EventRounds "9"]
[EventCountry "NED"]
[Source "lmi"]
[SourceDate "2005.07.25"]

1. d4 Nf6 2. c4 c5 3. d5 e6 4. Nc3 exd5 5. cxd5 d6 6. e4 g6 7. Bd3 Bg7 8. h3
O-O 9. Nf3 Na6 10. O-O Nc7 11. Re1 a6 12. a4 h6 13. Nd2 Rb8 14. Nc4 Nfe8 15. a5
Nb5 16. Nxb5 axb5 17. Nb6 c4 18. Bb1 Nf6 19. Ra3 Nd7 20. Nxd7 Qxd7 21. Re2 b4
22. Ra4 Qb5 23. Bd2 c3 24. bxc3 bxc3 25. Be3 Bd7 26. Raa2 Qb4 27. Bd3 Ra8 28.
Bb6 Rfe8 29. Qb1 Qxb1+ 30. Bxb1 Bb5 31. Re3 Rac8 32. Bc2 g5 33. g3 Be5 34. Ra3
Rc4 35. f4 Bg7 36. Kf2 Ra8 37. Re1 Bd4+ 38. Bxd4 Rxd4 39. Ke3 Rd2 40. Rc1 Rh2
41. e5 dxe5 42. fxg5 hxg5 43. Bf5 Rd8 44. Raxc3 Rxd5 45. Rc5 Rxc5 46. Rxc5 Rb2
47. Rxe5 Rb3+ 48. Kd4 Bc6 49. Bd3 g4 50. Rg5+ Kf8 51. Rxg4 Bg2 52. h4 Rb4+ 53.
Bc4 b5 54. axb6 Rxb6 55. Rf4 Rb7 56. g4 Kg7 57. g5 Rd7+ 58. Ke5 Re7+ 59. Kd6
Rb7 60. h5 Bh3 61. Bd5 Ra7 62. h6+ Kg8 63. g6 Ra6+ 64. Ke5 Ra5 65. Kd4 Rxd5+
66. Kxd5 fxg6 67. Ke5 g5 68. Rf6 Kh7 69. Ke4 Bc8 70. Kf3 g4+ 71. Kg3 1-0

[Event "Amsterdam Chess Tournament 2005"]
[Site "Amsterdam NED"]
[Date "2005.07.17"]
[Round "2.47"]
[White "Bakker, Sven"]
[Black "Lyell, Mark"]
[Result "0-1"]
[WhiteElo "2300"]
[BlackElo "2194"]
[PlyCount "57"]
[EventDate "2005.07.16"]
[EventType "tourn"]
[EventRounds "9"]
[EventCountry "NED"]
[Source "lmi"]
[SourceDate "2005.07.25"]

1. d4 d5 2. Nf3 Nf6 3. g3 c5 4. dxc5 e6 5. Bg2 Bxc5 6. O-O O-O 7. b3 Nc6 8. Bb2
Re8 9. Ne5 Qd6 10. Nd3 Bb6 11. c4 dxc4 12. bxc4 e5 13. Qc1 Bd4 14. Nc3 Bg4 15.
Ba3 Qe6 16. Rb1 Bxc3 17. Qxc3 Nd4 18. Nc1 Bxe2 19. Re1 Bxc4 20. Nd3 Ba6 21. Nc5
Qxa2 22. Nxa6 Qxb1 23. Rxb1 Ne2+ 24. Kf1 Nxc3 25. Rxb7 Rad8 26. Bc6 Re6 27. Nb8
h6 28. Bb4 Rd1+ 29. Kg2 0-1

[Event "Amsterdam Chess Tournament 2005"]
[Site "Amsterdam NED"]
[Date "2005.07.17"]
[Round "2.48"]
[White "Overeem, Marc"]
[Black "Van den Berg, Ad M.J"]
[Result "1-0"]
[WhiteElo "2199"]
[BlackElo "2298"]
[PlyCount "121"]
[EventDate "2005.07.16"]
[EventType "tourn"]
[EventRounds "9"]
[EventCountry "NED"]
[Source "lmi"]
[SourceDate "2005.07.25"]

1. Nf3 g6 2. d4 Bg7 3. e4 c5 4. c4 cxd4 5. Nxd4 Nc6 6. Be3 Nf6 7. Nc3 O-O 8.
Be2 b6 9. O-O Bb7 10. f3 Qb8 11. Qd2 Rd8 12. Ndb5 d6 13. Nd5 Rd7 14. Bg5 Ne8
15. f4 e6 16. Bg4 f5 17. exf5 gxf5 18. Bh3 Rf7 19. Ndc3 a6 20. Na3 Qc7 21. Rae1
Nd4 22. Ne2 Qc5 23. Kh1 Nxe2 24. Rxe2 Nc7 25. Bh4 Be4 26. Bf2 Qc6 27. Rc1 Rc8
28. Be3 Ne8 29. b3 d5 30. Ree1 d4 31. Bf2 Rd8 32. Kg1 Qd6 33. b4 Rc7 34. c5
bxc5 35. Nc4 Qc6 36. Ne5 Qd5 37. Rxc5 Rxc5 38. bxc5 Qxc5 39. Rc1 Qd6 40. Rc4
Qb6 41. Bxd4 Qb1+ 42. Kf2 Bf6 43. Ke3 Bd5 44. Rc2 Nd6 45. Qc1 Qb4 46. Rb2 Qa3+
47. Ke2 Rc8 48. Qe3 Qxe3+ 49. Bxe3 Nb5 50. Bd2 h5 51. Bb4 Rc4 52. g3 Bxe5 53.
fxe5 Re4+ 54. Kf2 Rc4 55. Bf1 Rc1 56. a4 Nc7 57. Bd6 a5 58. Be2 h4 59. gxh4 Kg7
60. Rb8 Rc3 61. Rc8 1-0

[Event "Amsterdam Chess Tournament 2005"]
[Site "Amsterdam NED"]
[Date "2005.07.17"]
[Round "2.49"]
[White "Witt, Rob"]
[Black "Bachofner, Andreas"]
[Result "1/2-1/2"]
[WhiteElo "2292"]
[BlackElo "2177"]
[PlyCount "43"]
[EventDate "2005.07.16"]
[EventType "tourn"]
[EventRounds "9"]
[EventCountry "NED"]
[Source "lmi"]
[SourceDate "2005.07.25"]

1. Nf3 e6 2. c4 f5 3. g3 Nf6 4. Bg2 c6 5. O-O d5 6. b3 Bd6 7. d4 Qe7 8. Bb2 b6
9. Qc2 Bb7 10. Ne5 O-O 11. Nd2 Nbd7 12. Rad1 Rac8 13. e3 Ne4 14. Nxd7 Qxd7 15.
Nxe4 fxe4 16. f3 exf3 17. Bxf3 Rf7 18. Bh5 Rxf1+ 19. Rxf1 Rf8 20. Rxf8+ Bxf8
21. Bf3 c5 22. Qg2 1/2-1/2

[Event "Amsterdam Chess Tournament 2005"]
[Site "Amsterdam NED"]
[Date "2005.07.17"]
[Round "2.50"]
[White "Van Oosterom, Chiel"]
[Black "Vogel, Jaap"]
[Result "1/2-1/2"]
[WhiteElo "2197"]
[BlackElo "2291"]
[PlyCount "54"]
[EventDate "2005.07.16"]
[EventType "tourn"]
[EventRounds "9"]
[EventCountry "NED"]
[Source "lmi"]
[SourceDate "2005.07.25"]

1. e4 e6 2. d4 d5 3. Nd2 Nf6 4. e5 Nfd7 5. Ngf3 c5 6. c3 Nc6 7. Bd3 a5 8. O-O
a4 9. Re1 cxd4 10. cxd4 Nb6 11. Nb1 Be7 12. Nc3 Bd7 13. Be3 Nc4 14. Bxc4 dxc4
15. d5 exd5 16. Nxd5 Be6 17. Nxe7 Qxe7 18. Nd4 Nxd4 19. Qxd4 a3 20. bxa3 Qxa3
21. Qb6 Qa5 22. Qxb7 O-O 23. Qf3 Qxe5 24. Bd2 Qf5 25. Qxf5 Bxf5 26. a4 Rfd8 27.
Bc3 Rd3 1/2-1/2

[Event "Amsterdam Chess Tournament 2005"]
[Site "Amsterdam NED"]
[Date "2005.07.18"]
[Round "3.1"]
[White "Akopian, Vladimir"]
[Black "Megaranto, Susanto"]
[Result "1/2-1/2"]
[WhiteElo "2705"]
[BlackElo "2499"]
[PlyCount "106"]
[EventDate "2005.07.16"]
[EventType "tourn"]
[EventRounds "9"]
[EventCountry "NED"]
[Source "lmi"]
[SourceDate "2005.07.25"]

1. e4 c6 2. d4 d5 3. Nd2 dxe4 4. Nxe4 Bf5 5. Ng3 Bg6 6. h4 h6 7. Nf3 Nd7 8. h5
Bh7 9. Bd3 Bxd3 10. Qxd3 e6 11. Bf4 Qa5+ 12. Bd2 Qc7 13. O-O-O Ngf6 14. Ne4
O-O-O 15. g3 Nxe4 16. Qxe4 Nf6 17. Qe2 Bd6 18. c4 c5 19. Bc3 Rhe8 20. Kb1 Qc6
21. Rh4 Bc7 22. Rc1 Re7 23. a3 Red7 24. b4 cxb4 25. axb4 a6 26. b5 axb5 27. d5
Qc5 28. Bd4 Qb4+ 29. Bb2 exd5 30. cxd5 Qb3 31. Nd4 Qxd5 32. Nxb5 Re8 33. Qc4
Qf5+ 34. Ka2 Re6 35. Nxc7 Qa5+ 36. Qa4 Qxa4+ 37. Rxa4 Rxc7 38. Ra8+ Kd7 39.
Rd1+ Rd6 40. Rxd6+ Kxd6 41. Kb3 Ke6 42. Ra5 Rc6 43. Bd4 Rc1 44. Re5+ Kd6 45.
Rb5 Rb1+ 46. Bb2 Rf1 47. Rxb7 Rxf2 48. Rxf7 Rf3+ 49. Kc4 Rxg3 50. Bxf6 Ke6 51.
Rxg7 Rxg7 52. Bxg7 Kf5 53. Bxh6 Kg4 1/2-1/2

[Event "Amsterdam Chess Tournament 2005"]
[Site "Amsterdam NED"]
[Date "2005.07.18"]
[Round "3.4"]
[White "Vazquez, Renier"]
[Black "Erenburg, Sergey"]
[Result "1-0"]
[WhiteElo "2496"]
[BlackElo "2595"]
[PlyCount "121"]
[EventDate "2005.07.16"]
[EventType "tourn"]
[EventRounds "9"]
[EventCountry "NED"]
[Source "lmi"]
[SourceDate "2005.07.25"]

1. e4 c6 2. d4 d5 3. exd5 cxd5 4. Bd3 Nc6 5. c3 Qc7 6. Bg5 Nf6 7. h3 Ne4 8. Be3
Bf5 9. Nf3 e6 10. Nh4 Bd6 11. Nxf5 exf5 12. Qb3 f4 13. Bc1 Nf6 14. O-O O-O 15.
Nd2 Rfe8 16. Nf3 Na5 17. Qc2 Ne4 18. Bd2 Re6 19. Rae1 f5 20. b3 Rae8 21. c4
Nxd2 22. Qxd2 dxc4 23. Bxf5 R6e7 24. d5 cxb3 25. Be6+ Kh8 26. Ng5 h6 27. Nf3
Nc4 28. Qd3 Ne5 29. Nxe5 Bxe5 30. axb3 Qd6 31. Qf5 Bc3 32. Re4 Bf6 33. Rxf4 Qe5
34. Qg4 Rxe6 35. dxe6 Qxe6 36. Qf3 Re7 37. Rd1 Qe2 38. Rxf6 gxf6 39. Qxf6+ Kh7
40. Rd8 Qe1+ 41. Kh2 Qe5+ 42. Qxe5 Rxe5 43. Rd7+ Kg6 44. Rxb7 Re2 45. Kg3 Rb2
46. Rxa7 Rxb3+ 47. f3 Rb2 48. Ra6+ Kh5 49. Ra5+ Kg6 50. f4 Rc2 51. Kf3 h5 52.
Rg5+ Kh6 53. Re5 Kg6 54. g4 hxg4+ 55. hxg4 Rc1 56. Re6+ Kf7 57. f5 Rc4 58. Re4
Rc7 59. Kf4 Ra7 60. Kg5 Kg7 61. Re7+ 1-0

[Event "Amsterdam Chess Tournament 2005"]
[Site "Amsterdam NED"]
[Date "2005.07.18"]
[Round "3.5"]
[White "Siebrecht, Sebastian"]
[Black "Al Modiahki, Mohamad"]
[Result "1-0"]
[WhiteElo "2487"]
[BlackElo "2570"]
[PlyCount "77"]
[EventDate "2005.07.16"]
[EventType "tourn"]
[EventRounds "9"]
[EventCountry "NED"]
[Source "lmi"]
[SourceDate "2005.07.25"]

1. d4 d5 2. Nf3 Nf6 3. c4 c6 4. Nc3 dxc4 5. a4 Bf5 6. e3 e6 7. Bxc4 Bb4 8. O-O
O-O 9. Qe2 Bg4 10. Rd1 Bxc3 11. bxc3 Ne4 12. Qc2 Bxf3 13. gxf3 Nd6 14. Bd3 f5
15. Kh1 Nd7 16. Ba3 Qc7 17. e4 fxe4 18. fxe4 c5 19. e5 Nf5 20. Be4 Rae8 21. Qe2
b6 22. Rd3 Rf7 23. Rg1 Nf8 24. Rh3 Qd7 25. dxc5 Qxa4 26. c4 bxc5 27. Bxc5 Qa5
28. Bd6 Nxd6 29. exd6 Qc5 30. Qd3 h5 31. f4 Rd8 32. Qe2 Rxd6 33. Rxh5 Rd2 34.
Qxd2 Qxh5 35. f5 Kh8 36. Rg5 Qh4 37. Qe3 exf5 38. Bd5 Rf6 39. Rg3 1-0

[Event "Amsterdam Chess Tournament 2005"]
[Site "Amsterdam NED"]
[Date "2005.07.18"]
[Round "3.6"]
[White "Van Leent, Dimitri"]
[Black "Smeets, Jan"]
[Result "0-1"]
[WhiteElo "2261"]
[BlackElo "2537"]
[PlyCount "54"]
[EventDate "2005.07.16"]
[EventType "tourn"]
[EventRounds "9"]
[EventCountry "NED"]
[Source "lmi"]
[SourceDate "2005.07.25"]

1. c4 Nf6 2. Nc3 e5 3. g3 Bb4 4. Bg2 O-O 5. e3 Bxc3 6. dxc3 d6 7. Ne2 e4 8. Qc2
Re8 9. b3 Nbd7 10. Ba3 a5 11. Rd1 a4 12. Nd4 axb3 13. Qxb3 Ne5 14. O-O Bg4 15.
f3 exf3 16. Nxf3 Nxc4 17. Qxc4 Rxa3 18. Rde1 Be6 19. Qb4 Rxa2 20. Ng5 b6 21.
Nxe6 Rxe6 22. Ra1 Rxg2+ 23. Kxg2 Nd5 24. Qb5 Nxe3+ 25. Kg1 Nxf1 26. Qc6 Re8 27.
Kxf1 g6 0-1

[Event "Amsterdam Chess Tournament 2005"]
[Site "Amsterdam NED"]
[Date "2005.07.18"]
[Round "3.7"]
[White "Timofeev, Artyom"]
[Black "Ernst, Sipke"]
[Result "1-0"]
[WhiteElo "2661"]
[BlackElo "2457"]
[PlyCount "45"]
[EventDate "2005.07.16"]
[EventType "tourn"]
[EventRounds "9"]
[EventCountry "NED"]
[Source "lmi"]
[SourceDate "2005.07.25"]

1. e4 e6 2. d4 d5 3. Nd2 c5 4. Ngf3 cxd4 5. Nxd4 Nf6 6. exd5 Nxd5 7. N2f3 Be7
8. Bc4 Qc7 9. Qe2 a6 10. O-O Nb6 11. Bb3 O-O 12. Qe4 Nd5 13. Bxd5 exd5 14. Qxd5
Nc6 15. Nxc6 bxc6 16. Qe4 Bf6 17. Bf4 Qb6 18. Be5 Re8 19. Qf4 Rxe5 20. Nxe5
Qxb2 21. Nc4 Qxc2 22. Nb6 Bxa1 23. Nxa8 1-0

[Event "Amsterdam Chess Tournament 2005"]
[Site "Amsterdam NED"]
[Date "2005.07.18"]
[Round "3.10"]
[White "Jonkman, Harmen"]
[Black "Cheparinov, Ivan"]
[Result "0-1"]
[WhiteElo "2454"]
[BlackElo "2634"]
[PlyCount "78"]
[EventDate "2005.07.16"]
[EventType "tourn"]
[EventRounds "9"]
[EventCountry "NED"]
[Source "lmi"]
[SourceDate "2005.07.25"]

1. e4 e6 2. d4 d5 3. e5 c5 4. c3 Nc6 5. Nf3 Bd7 6. Be2 f6 7. O-O Qc7 8. Re1
fxe5 9. Nxe5 Nxe5 10. dxe5 O-O-O 11. c4 Qxe5 12. Bf3 Qd6 13. cxd5 exd5 14. b4
Qf6 15. Na3 Ne7 16. Rb1 Nc6 17. bxc5 Bxc5 18. Qb3 Bb6 19. Nb5 Na5 20. Qb4 Bxb5
21. Qxb5 Nc4 22. Kh1 Kb8 23. Bxd5 Qxf2 24. Bb2 Ne3 25. Be5+ Ka8 26. Bf3 Rhf8
27. Re2 Rxf3 28. Rxf2 Rxf2 29. Bc7 Rdf8 30. Bxb6 Rf1+ 31. Rxf1 Rxf1+ 32. Qxf1
Nxf1 33. Bd4 g6 34. Kg1 Nd2 35. Kf2 b5 36. Ke3 Nf1+ 37. Kf4 Nxh2 38. Kg5 Kb7
39. Kh6 Kc6 0-1

[Event "Amsterdam Chess Tournament 2005"]
[Site "Amsterdam NED"]
[Date "2005.07.18"]
[Round "3.12"]
[White "Khenkin, Igor"]
[Black "Pliester, Leon"]
[Result "1-0"]
[WhiteElo "2610"]
[BlackElo "2378"]
[PlyCount "69"]
[EventDate "2005.07.16"]
[EventType "tourn"]
[EventRounds "9"]
[EventCountry "NED"]
[Source "lmi"]
[SourceDate "2005.07.25"]

1. d4 d5 2. c4 c6 3. e3 Nf6 4. Bd3 e5 5. Nc3 e4 6. Bc2 Bd6 7. f3 exf3 8. Nxf3
O-O 9. O-O Re8 10. Qe1 Nbd7 11. cxd5 cxd5 12. Qh4 Nf8 13. Ng5 h6 14. Nxf7 Kxf7
15. Nxd5 Be6 16. Nxf6 gxf6 17. Qxh6 Rc8 18. Bg6+ Nxg6 19. Qh7+ Kf8 20. Qxg6 f5
21. e4 Rxc1 22. Qh6+ Kg8 23. Qg6+ Kf8 24. Qh6+ Kf7 25. Qh7+ Kf8 26. Raxc1 Qb6
27. exf5 Qxd4+ 28. Kh1 Bd5 29. Qh6+ Ke7 30. Rcd1 Qe5 31. Rfe1 Be4 32. Rxd6 Qxf5
33. Qe6+ Qxe6 34. Rxe6+ Kxe6 35. Rxe4+ 1-0

[Event "Amsterdam Chess Tournament 2005"]
[Site "Amsterdam NED"]
[Date "2005.07.18"]
[Round "3.13"]
[White "Khuzman, Alexander"]
[Black "Dambacher, Martyn"]
[Result "1/2-1/2"]
[WhiteElo "2577"]
[BlackElo "2388"]
[PlyCount "102"]
[EventDate "2005.07.16"]
[EventType "tourn"]
[EventRounds "9"]
[EventCountry "NED"]
[Source "lmi"]
[SourceDate "2005.07.25"]

1. Nf3 d5 2. d4 Nf6 3. c4 dxc4 4. e3 e6 5. Bxc4 c5 6. O-O a6 7. dxc5 Bxc5 8.
Qxd8+ Kxd8 9. Nbd2 Ke7 10. Be2 Nc6 11. a3 b5 12. b4 Bb6 13. Bb2 Bd7 14. Rfd1
Rhd8 15. Nb3 Be8 16. Rxd8 Rxd8 17. Rc1 g6 18. Nfd2 Nd5 19. Ne4 Ra8 20. Kf1 Ra7
21. g4 f6 22. Bf3 Ne5 23. Bxe5 fxe5 24. Na5 Rc7 25. Rxc7+ Nxc7 26. Nc5 g5 27.
Nab3 Bg6 28. Ke2 Bc2 29. Bb7 Bxb3 30. Nxb3 h6 31. Kd3 Kd6 32. Ke4 Ba7 33. Nd2
Bb6 34. a4 Ne8 35. Bxa6 Nf6+ 36. Kf3 e4+ 37. Nxe4+ Nxe4 38. Kxe4 bxa4 39. Bc4
Ke7 40. f4 gxf4 41. exf4 a3 42. h4 Bf2 43. Ke5 Bxh4 44. Bxe6 Be1 45. b5 Ba5 46.
f5 Bc7+ 47. Kd4 Kf6 48. Kc3 Bb6 49. Kb3 Bc5 50. Ka4 h5 51. gxh5 a2 1/2-1/2

[Event "Amsterdam Chess Tournament 2005"]
[Site "Amsterdam NED"]
[Date "2005.07.18"]
[Round "3.14"]
[White "Rogers, Ian"]
[Black "D'Costa, Lorin"]
[Result "1-0"]
[WhiteElo "2569"]
[BlackElo "2352"]
[PlyCount "69"]
[EventDate "2005.07.16"]
[EventType "tourn"]
[EventRounds "9"]
[EventCountry "NED"]
[Source "lmi"]
[SourceDate "2005.07.25"]

1. d4 d5 2. c4 dxc4 3. Nf3 Nf6 4. Nc3 a6 5. e4 b5 6. e5 Nd5 7. Ng5 e6 8. Qh5
Qd7 9. Be2 Bb7 10. O-O h6 11. Bg4 g6 12. Qh3 Nxc3 13. bxc3 Bd5 14. Bf3 Qc6 15.
a4 Be7 16. Re1 Bxf3 17. gxf3 Bxg5 18. Bxg5 Nd7 19. Bf6 Rh7 20. d5 Qxd5 21. Red1
Qc6 22. axb5 axb5 23. Rxa8+ Qxa8 24. Qg4 c5 25. Qf4 Nb6 26. Qe3 Nd5 27. Qxc5
Kd7 28. Qxb5+ Kc7 29. Qc5+ Qc6 30. Qa5+ Kc8 31. Qd8+ Kb7 32. Rb1+ Nb6 33. Qe7+
Qc7 34. Qf8 Qc6 35. Bd8 1-0

[Event "Amsterdam Chess Tournament 2005"]
[Site "Amsterdam NED"]
[Date "2005.07.18"]
[Round "3.15"]
[White "Wells, Peter"]
[Black "Ivanov, Jordan Mitev"]
[Result "1-0"]
[WhiteElo "2529"]
[BlackElo "2347"]
[PlyCount "51"]
[EventDate "2005.07.16"]
[EventType "tourn"]
[EventRounds "9"]
[EventCountry "NED"]
[Source "lmi"]
[SourceDate "2005.07.25"]

1. d4 d5 2. c4 dxc4 3. Nf3 Nf6 4. e3 e6 5. Bxc4 c5 6. O-O a6 7. a4 Nc6 8. Qe2
Qc7 9. Nc3 Bd6 10. Bd2 O-O 11. Rac1 Re8 12. h3 h6 13. Bd3 cxd4 14. exd4 e5 15.
Ne4 Nxe4 16. Qxe4 f5 17. Bc4+ Kh8 18. Qh4 Qe7 19. Qh5 Be6 20. Bxh6 Kg8 21. d5
Na5 22. dxe6 Nxc4 23. Qg6 Nxb2 24. Ng5 Qf6 25. Qh7+ Kf8 26. e7+ 1-0

[Event "Amsterdam Chess Tournament 2005"]
[Site "Amsterdam NED"]
[Date "2005.07.18"]
[Round "3.16"]
[White "Van Delft, Merijn"]
[Black "Belkhodja, Slim"]
[Result "0-1"]
[WhiteElo "2369"]
[BlackElo "2468"]
[PlyCount "80"]
[EventDate "2005.07.16"]
[EventType "tourn"]
[EventRounds "9"]
[EventCountry "NED"]
[Source "lmi"]
[SourceDate "2005.07.25"]

1. e4 c5 2. Nf3 Nc6 3. d4 cxd4 4. Nxd4 e5 5. Nb5 d6 6. c4 Be7 7. N1c3 a6 8. Na3
f5 9. exf5 Bxf5 10. Bd3 Be6 11. O-O Nf6 12. Nc2 O-O 13. Nd5 Kh8 14. Nce3 Nd4
15. b3 b5 16. Bb2 bxc4 17. Bxc4 Nxd5 18. Bxd5 Bxd5 19. Nxd5 Nf5 20. Qd3 Bg5 21.
Rad1 Ra7 22. Rfe1 a5 23. Nc3 Raf7 24. Ne4 Be7 25. Kh1 Qb6 26. Bc3 h6 27. Qd5
Bd8 28. Re2 Bc7 29. h3 Ne7 30. Qe6 d5 31. Qxb6 Bxb6 32. Ng3 e4 33. Nh5 Kh7 34.
Bxg7 Rxg7 35. Nxg7 Kxg7 36. Rdd2 Kf6 37. g3 Ke6 38. Kg2 h5 39. a3 h4 40. b4 a4
0-1

[Event "Amsterdam Chess Tournament 2005"]
[Site "Amsterdam NED"]
[Date "2005.07.18"]
[Round "3.17"]
[White "Martyn, Rafe"]
[Black "Nijboer, Friso"]
[Result "0-1"]
[WhiteElo "2340"]
[BlackElo "2529"]
[PlyCount "96"]
[EventDate "2005.07.16"]
[EventType "tourn"]
[EventRounds "9"]
[EventCountry "NED"]
[Source "lmi"]
[SourceDate "2005.07.25"]

1. d4 f5 2. c4 Nf6 3. Nc3 d6 4. Nf3 g6 5. g3 Bg7 6. Bg2 O-O 7. O-O c6 8. d5 e5
9. dxe6 Bxe6 10. Bf4 Bxc4 11. Bxd6 Re8 12. Qd4 Be6 13. Rfd1 Ne4 14. Be5 Qxd4
15. Rxd4 Nxc3 16. bxc3 Nd7 17. Bxg7 Kxg7 18. Ng5 Nc5 19. Nxe6+ Rxe6 20. e3 Rc8
21. a4 Rc7 22. Rb1 Re5 23. a5 Na6 24. Ra1 Kf6 25. Bf1 Nc5 26. Bc4 Ne4 27. Ra3
Ke7 28. f3 Nd6 29. Kf2 c5 30. Rh4 h5 31. Be2 Kf6 32. Rha4 g5 33. h4 g4 34. Rf4
gxf3 35. Bxf3 c4 36. Ra4 Rcc5 37. Rd4 Ke7 38. Ra2 Nb5 39. Ra4 Nxd4 40. exd4
Rxa5 41. Rxc4 Ra2+ 42. Kf1 Rb5 43. Rc7+ Kd6 44. Rxb7 Rxb7 45. Bxb7 a5 46. Ke1
a4 47. Kd1 a3 48. Kc1 Rf2 0-1

[Event "Amsterdam Chess Tournament 2005"]
[Site "Amsterdam NED"]
[Date "2005.07.18"]
[Round "3.18"]
[White "Wong, Zi Jing"]
[Black "L'Ami, Erwin"]
[Result "0-1"]
[WhiteElo "2330"]
[BlackElo "2519"]
[PlyCount "74"]
[EventDate "2005.07.16"]
[EventType "tourn"]
[EventRounds "9"]
[EventCountry "NED"]
[Source "lmi"]
[SourceDate "2005.07.25"]

1. e4 e5 2. Nf3 Nc6 3. Bc4 Nf6 4. d4 exd4 5. e5 d5 6. Bb5 Ne4 7. Nxd4 Bd7 8.
Bxc6 bxc6 9. O-O Bc5 10. Be3 Bb6 11. f3 Ng5 12. f4 Ne4 13. Nd2 Nxd2 14. Qxd2 c5
15. Nf3 d4 16. Bf2 Bc6 17. f5 Qd5 18. Qg5 h6 19. Qxg7 O-O-O 20. Bg3 h5 21. Qf6
Rdg8 22. c4 dxc3 23. Rad1 c4+ 24. Kh1 Qe4 25. Rde1 Qd5 26. Rd1 Qb5 27. bxc3 h4
28. Bxh4 Kb7 29. Rd2 Rh7 30. Bf2 Rhg7 31. Bxb6 axb6 32. e6 Rxg2 33. Rxg2 Bxf3
34. exf7 Bxg2+ 35. Kg1 Rg4 36. Qg6 Qc5+ 37. Rf2 Bh3+ 0-1

[Event "Amsterdam Chess Tournament 2005"]
[Site "Amsterdam NED"]
[Date "2005.07.18"]
[Round "3.19"]
[White "Van der Wiel, John"]
[Black "Beckhuis, Gernod"]
[Result "1-0"]
[WhiteElo "2508"]
[BlackElo "2324"]
[PlyCount "101"]
[EventDate "2005.07.16"]
[EventType "tourn"]
[EventRounds "9"]
[EventCountry "NED"]
[Source "lmi"]
[SourceDate "2005.07.25"]

1. e4 c5 2. Nf3 Nc6 3. d4 cxd4 4. Nxd4 Nf6 5. Nc3 e6 6. Ndb5 Bb4 7. a3 Bxc3+ 8.
Nxc3 d5 9. Bd3 dxe4 10. Nxe4 Nxe4 11. Bxe4 Qxd1+ 12. Kxd1 Bd7 13. Be3 f5 14.
Bf3 e5 15. Kc1 O-O-O 16. Re1 Kc7 17. b3 Rhe8 18. g3 Nd4 19. Bxd4 exd4 20. Kd2
Bc6 21. Bxc6 Kxc6 22. Rad1 Kd5 23. Re2 Rc8 24. Rde1 Re4 25. f3 Rxe2+ 26. Rxe2
Kd6 27. f4 g6 28. Kd3 Kd5 29. Re5+ Kd6 30. Re2 Kd5 31. Re7 Rc3+ 32. Kd2 Rf3 33.
Rxh7 b5 34. Rxa7 Rf2+ 35. Kd3 Rxh2 36. Rd7+ Ke6 37. Rb7 Rg2 38. Rxb5 Rxg3+ 39.
Kxd4 Rf3 40. Rb6+ Kf7 41. Ke5 Re3+ 42. Kd5 Re2 43. a4 Re4 44. a5 Rxf4 45. a6
Rf1 46. Rb4 Rd1+ 47. Kc6 Rd8 48. a7 Ra8 49. Kb7 Rxa7+ 50. Kxa7 g5 51. Rd4 1-0

[Event "Amsterdam Chess Tournament 2005"]
[Site "Amsterdam NED"]
[Date "2005.07.18"]
[Round "3.20"]
[White "De Boer, Sybolt"]
[Black "Bellini, Fabio"]
[Result "0-1"]
[WhiteElo "2320"]
[BlackElo "2501"]
[PlyCount "84"]
[EventDate "2005.07.16"]
[EventType "tourn"]
[EventRounds "9"]
[EventCountry "NED"]
[Source "lmi"]
[SourceDate "2005.07.25"]

1. d4 d5 2. c4 c6 3. Nf3 Nf6 4. Nc3 a6 5. e3 b5 6. b3 Bg4 7. Qc2 e6 8. Bd3 Nbd7
9. Bb2 Bd6 10. Ne2 Qb8 11. c5 Bc7 12. e4 Ba5+ 13. Kf1 dxe4 14. Bxe4 Nd5 15. Ng3
Bxf3 16. Bxf3 N7f6 17. Ne2 Bc7 18. Re1 Ba5 19. Rd1 O-O 20. Nc1 Rc8 21. g3 Ra7
22. Kg2 Re7 23. a3 Nd7 24. Nd3 f6 25. Be4 Nf8 26. Ra1 Bc7 27. Rhe1 Rce8 28. Re2
f5 29. Bf3 a5 30. Rae1 Qd8 31. Bc1 h6 32. h4 Rd7 33. h5 Rde7 34. Kg1 Nh7 35.
Bb2 Rf8 36. Qd1 Ng5 37. Bg2 f4 38. Re5 fxg3 39. fxg3 Ref7 40. Rxe6 Bxg3 41.
Rxc6 Nf3+ 42. Bxf3 Rxf3 0-1

[Event "Amsterdam Chess Tournament 2005"]
[Site "Amsterdam NED"]
[Date "2005.07.18"]
[Round "3.21"]
[White "Janssen, Ruud"]
[Black "Van Beek, Alexander"]
[Result "1-0"]
[WhiteElo "2501"]
[BlackElo "2312"]
[PlyCount "97"]
[EventDate "2005.07.16"]
[EventType "tourn"]
[EventRounds "9"]
[EventCountry "NED"]
[Source "lmi"]
[SourceDate "2005.07.25"]

1. d4 d5 2. c4 c6 3. Nc3 dxc4 4. e4 b5 5. a4 b4 6. Na2 Nf6 7. e5 Nd5 8. Bxc4 e6
9. Nf3 Be7 10. Bd2 Ba6 11. Bxd5 Qxd5 12. Nc1 g5 13. h3 h5 14. Qc2 c5 15. Bxg5
Bxg5 16. Nxg5 Qxg2 17. Qe4 Qxe4+ 18. Nxe4 cxd4 19. Nb3 Nd7 20. f4 Ke7 21. Rg1
Rhg8 22. Kd2 d3 23. Na5 Rxg1 24. Rxg1 Rc8 25. Rc1 Rxc1 26. Kxc1 f6 27. Nc6+ Kf7
28. Nxb4 d2+ 29. Kxd2 Bf1 30. exf6 Nxf6 31. Ng5+ Kg6 32. Ke1 Bg2 33. Kf2 Bd5
34. Ke3 Bb3 35. Nc6 Bxa4 36. Ne7+ Kg7 37. Nxe6+ Kf7 38. Nc5 Bc2 39. Nc6 Nd5+
40. Kf3 Bd1+ 41. Ke4 Ne7 42. Nxe7 Kxe7 43. Ke5 h4 44. f5 Be2 45. Ne4 Bf1 46.
Ng5 a5 47. f6+ Kf8 48. Kf5 Be2 49. Kg6 1-0

[Event "Amsterdam Chess Tournament 2005"]
[Site "Amsterdam NED"]
[Date "2005.07.18"]
[Round "3.23"]
[White "Al Sayed, Mohamad N"]
[Black "Van der Poel, Henk"]
[Result "1/2-1/2"]
[WhiteElo "2478"]
[BlackElo "2280"]
[PlyCount "44"]
[EventDate "2005.07.16"]
[EventType "tourn"]
[EventRounds "9"]
[EventCountry "NED"]
[Source "lmi"]
[SourceDate "2005.07.25"]

1. e4 c5 2. Nf3 d6 3. d4 cxd4 4. Nxd4 Nf6 5. Nc3 Nc6 6. Bg5 e6 7. Qd2 Be7 8.
O-O-O O-O 9. f4 h6 10. Bxf6 Bxf6 11. Ndb5 Qa5 12. Nxd6 Rd8 13. e5 Nxe5 14. Nce4
Qxa2 15. Nxf6+ gxf6 16. c3 Bd7 17. fxe5 Qa1+ 18. Kc2 Ba4+ 19. b3 Qa2+ 20. Kc1
Qa1+ 21. Kc2 Qa2+ 22. Kc1 Qa1+ 1/2-1/2

[Event "Amsterdam Chess Tournament 2005"]
[Site "Amsterdam NED"]
[Date "2005.07.18"]
[Round "3.24"]
[White "Hartoch, Robert"]
[Black "Hoffmann, Michael"]
[Result "1/2-1/2"]
[WhiteElo "2272"]
[BlackElo "2475"]
[PlyCount "23"]
[EventDate "2005.07.16"]
[EventType "tourn"]
[EventRounds "9"]
[EventCountry "NED"]
[Source "lmi"]
[SourceDate "2005.07.25"]

1. Nf3 Nf6 2. g3 b5 3. Bg2 Bb7 4. b3 e6 5. c4 b4 6. O-O c5 7. a3 Na6 8. Bb2 Be7
9. axb4 Nxb4 10. d4 O-O 11. dxc5 Bxc5 12. Nc3 1/2-1/2